Statistics for The Y Quiz

Click here to take the quiz!

General Stats

  • This quiz has been taken 21 times
    (9 since last reset)
  • The average score is 7 of 9

Answer Stats

HintAnswer% Correct
Y is the __th letter.25
100%
Neighboring LettersX
100%
Most common English word starting with YYou
100%
Neighboring LettersZ
100%
Y is both of these types of words.Vowel
88%
Y is both of these types of words.Consonant
75%
Script of OriginLatin Script
50%
NATO military alphabet word for YYankee
25%
Greek letter Y is derived from.Upsilon
13%

Score Distribution

Percentile by Number Answered

Percent of People with Each Score

Your Score History

You have not taken this quiz since the last reset